000 00582nam a2200193 i 4500
001 75633
003 ES-MaACL
005 20250902014821.0
007 t|
008 040927s1940 sp ||||1| spa d
100 1 _aGual Villalbí, Pedro.
_960287
245 1 0 _aTeoría de la política comercial exterior /
_cPedro Gual Villalbí.
260 _aMadrid :
_bJuventud,
_c1940 (
_eBarcelona :
_fClarasó)
300 _aXIX, 759 p. ;
_c24 cm.
650 7 _aPolítica comercial
_2embne
_9165019
852 _aES-MaACL
_jF-15282
852 _aES-MaACL
_jF-15700
999 _c75633
_d75633